000 01176cam a2200337 i 4500
999 _c200446101
_d64313
003 TR-AnTOB
005 20220104102121.0
007 ta
008 151028s2016 tu tu
020 _a9786053606574
040 _aTR-AnTOB
_beng
_erda
_cTR-AnTOB
041 1 _atur
_heng
050 1 4 _aPR4034
_b.N719 2016
090 _aPR4034
_b.N719 2016
100 1 _aAusten, Jane,
_d1775-1817
_eauthor
_990719
240 1 0 _aNorthanger Abbey.
_lTurkish.
245 1 0 _aNorthanger manastırı /
_cJane Austen ; İngilizce aslından çeviren Hamdi Koç.
250 _aIII. Basım Nisan 2016
264 1 _aİstanbul :
_bTürkiye İş Bankası Kültür Yayınları,
_c2016.
300 _a252 pages ;
_c21 cm
336 _atext
_2rdacontent
_btxt
337 _aunmediated
_2rdamedia
_bn
338 _avolume
_2rdacarrier
_bnc
650 _aYoung women
_zEngland
_vFiction
_986749
650 _aGenç kadınlar
_zİngiltere
_vRoman
_986748
651 _aİngiltere
_xSosyal yaşam ve gelenekler
_y19. yüzyıl
_vRoman
_926528
651 _aEngland
_xSocial life and customs
_y19th century
_vFiction
_95133
700 1 _aKoç, Hamdi
_etranslator
_986747
942 _cBK
_2lcc